| 000 | 00395pab a2200157 454500 | ||
|---|---|---|---|
| 008 | 180718b2012 xxu||||| |||| 00| 0 eng d | ||
| 100 | _aSingh, Vidyawati | ||
| 245 | _aIndian foreign policy: A study in context of nuclear policy | ||
| 260 | _c2012 | ||
| 300 | _ap.100-104. | ||
| 362 | _aJul-Dec | ||
| 650 | _aNuclear weapons | ||
| 773 | _aReview of Politics | ||
| 908 | _aN | ||
| 909 | _a99026 | ||
| 999 |
_c99025 _d99025 |
||